000 00699nam a2200265 a 4500
003 AR-BaBNM
005 20251128205058.0
008 082120s2002 ||||||||||||||000 | spa||
040 _cAR-BaBNM
100 1 _aLebelle, R.
245 0 0 _aAntología del teatro de Shakespeare con argumentos, análisis y notas
260 _aBuenos Aires
_bSolar
_c1944
300 _a416 p.
500 _aContiene advertencia en p. 7
650 4 _aLITERATURA INGLESA
650 4 _aANTOLOGIAS
650 4 _aCOMEDIA
650 4 _aTEATRO
650 4 _aANALISIS LITERARIO
655 _aLITERATURA
700 1 _aShakespeare, William
700 1 _aEchávarri, Luis
_etraductor
942 _cBK
998 _cisola
999 _c9901
_d9901